000 00601cam a2200217 a 4500
999 _c6602
_d6602
001 1419356
003 GZU
005 20210521111304.0
008 841023s1980 sa 000 1 ven
010 _a 83232544
020 _a0627010989
040 _aDLC
_cDLC
_dDLC
050 0 0 _aPL8771 MAG 1980
_bB8 1980
100 1 _aMagau, A. W.
_q(Aifheli Wilson)
245 1 0 _aBulayo l̲o t̲alifhaho /
_cA.W. Magau.
260 _aPretoria :
_bVan Schaik,
_c1980.
300 _a90 p. ;
_c22 cm.
500 _aIn Venda.
906 _a7
_bcbc
_corignew
_d2
_encip
_f19
_gy-gencatlg
942 _2lcc
_cBK
_h8771
_iMAG
_kPL